Komparácia spotreby a kvality života domácnosti SR s vybranými krajinami EÚ diplomová práca

Gespeichert in:
Bibliographische Detailangaben
1. Verfasser: Vondrová, Andrea, 1987-
Körperschaft: Národohospodárska fakulta EU. Katedra hospodárskej politiky
Weitere Verfasser: Holková, Vieroslava
Format: Buch
Sprache:Slowakisch
Veröffentlicht: Bratislava 2010
Tags: Tag hinzufügen
Keine Tags, Fügen Sie das erste Tag hinzu!

MARC

LEADER 00000nam a2200000 4500
001 0120356
005 20240318122403.6
041 0 |a slo 
044 |a SK 
245 1 0 |a Komparácia spotreby a kvality života domácnosti SR s vybranými krajinami EÚ  |b diplomová práca  |c Andrea Vondrová ; škol. Vieroslava Holková 
264 1 |a Bratislava  |c 2010 
300 |a 91 s. 
100 1 |a Vondrová, Andrea, 1987- 
700 1 |a Holková, Vieroslava 
710 2 |a Národohospodárska fakulta EU. Katedra hospodárskej politiky